00278nam a2200121Ia 4500008004100000041000900041082001700050100001600067245001700083260004000100300000800140650000800148230718s9999 xx 000 0 und d aEng. a34603bKAP-L aKapoor, S.K 0aLaw of tests aPakistanbContral Law Agency c2010 a250 aLaw